| 000 | 00522nam a22001937a 4500 | ||
|---|---|---|---|
| 003 | OSt | ||
| 005 | 20220107122720.0 | ||
| 008 | 130817b xxu||||| |||| 00| 0 eng d | ||
| 020 | _a9780521614108 | ||
| 040 | _cIIITM-K | ||
| 082 | _a005.12028 EDM/H | ||
| 100 |
_aEdmonds, Jeff _91688 |
||
| 245 |
_aHow to think about algorithms _cby Jeff Edmonds |
||
| 260 |
_aNew York, _bCambridge University Press, _c2008. |
||
| 300 | _axiii, 448p. | ||
| 650 |
_aCOMPUTER SCIENCE _91689 |
||
| 650 |
_aALGORITHMS _91690 |
||
| 942 |
_2ddc _cBK |
||
| 999 |
_c3209 _d3209 |
||